000
00198 a2200097 4500
001
10129
100
_a
Nkrumah, K
245
_a
I speak of freedom
260
_a
_b
Heinemann
_c
090
_c
7875
_d
7875
942
_a
NUST-CAE
_c
M
_c
34572
999
_c
245202
_d
245202